Loading...
| Science - Chemistry | 0 | 4 | 0 | 1 | 40 | 52 | 79.50 | 0 | 0 | 7.39 | 11.66 |
| Science - Biology | 0 | 4 | 0 | 0 | 40 | 54 | 68.25 | 0 | 0 | 11.88 | 18.82 |
| Mythology | 0 | 3 | 0 | 0 | 30 | 52 | 61.00 | 0 | 1 | 12.91 | 19.17 |
| History - Other | 0 | 3 | 0 | 0 | 30 | 63 | 85.67 | 0 | 1 | 4.91 | 10.26 |
| Literature - American | 0 | 2 | 0 | 0 | 20 | 75 | 96.50 | 0 | 0 | 3.55 | 4.55 |
| Fine Arts - Classical Music | 0 | 2 | 0 | 1 | 20 | 111 | 112.50 | 0 | 0 | 1.39 | 7.87 |
| Science - Physics | 0 | 3 | 2 | 1 | 20 | 28 | 65.33 | 1 | 1 | 11.19 | 14.10 |
| History - World | 0 | 2 | 1 | 1 | 15 | 68 | 88.50 | 0 | 0 | 3.20 | 2.86 |
| Literature - European | 0 | 1 | 0 | 0 | 10 | 121 | 121.00 | 0 | 0 | 0.22 | 0.76 |
| Current Events | 0 | 1 | 0 | 0 | 10 | 95 | 95.00 | 0 | 0 | 2.41 | 9.23 |
| Science - Other | 0 | 2 | 2 | 0 | 10 | 70 | 76.50 | 0 | 0 | 6.73 | 10.31 |
| Literature - British | 0 | 1 | 1 | 0 | 5 | 65 | 65.00 | 0 | 0 | 4.21 | 3.03 |
| Fine Arts - Other | 0 | 1 | 1 | 0 | 5 | 23 | 23.00 | 0 | 1 | 7.26 | 8.33 |
| History - American | 0 | 1 | 1 | 0 | 5 | 89 | 89.00 | 0 | 0 | 1.74 | 2.27 |
| Religion | 0 | 0 | 1 | 0 | -5 | 0.00 | 0 | 0 | 0.00 | 0.00 | |
| Geography | 0 | 0 | 1 | 0 | -5 | 0.00 | 0 | 0 | 0.00 | 0.00 | |
| Social Science | 0 | 0 | 1 | 0 | -5 | 0.00 | 0 | 0 | 0.00 | 0.00 |